|
|
|
|
| LEADER |
01291nam a22003257a 4500 |
| 001 |
43547 |
| 003 |
BD-DhAAL |
| 005 |
20241102194014.0 |
| 008 |
241029t20012007enka|||| |||| 00| 0 eng d |
| 020 |
|
|
|a 9780340849682
|
| 020 |
|
|
|a 0340849681
|
| 040 |
|
|
|a BD-DhAAL
|d BD-DhAAL
|
| 082 |
|
|
|a 658.3125
|
| 100 |
|
|
|a Baguley, Phil.
|9 9606
|
| 245 |
|
|
|a Performance management in a week /
|c Phil Baguley.
|
| 260 |
|
|
|a London :
|b Hodder & Stoughton,
|c ©2001 [tenth impression 2007].
|
| 300 |
|
|
|a 96 pages :
|b illustrations ;
|c 20 cm.
|
| 490 |
|
|
|a In a week
|
| 500 |
|
|
|a Originally published as: Successful performance management in a week. 2001
|
| 541 |
|
|
|a Savar Campus Library
|e 43547
|
| 650 |
|
|
|a Employees
|x Rating of.
|9 14984
|
| 650 |
|
|
|a Employees
|x Rating of
|x Handbooks, manuals, etc.
|9 57113
|
| 650 |
|
|
|a Performance standards.
|
| 650 |
|
|
|a Performance
|x Evaluation.
|9 57114
|
| 650 |
|
|
|a Performance technology.
|9 57075
|
| 710 |
|
|
|a Chartered Management Institute (Great Britain)
|
| 830 |
|
|
|a In a week
|9 56963
|
| 942 |
|
|
|2 ddc
|c BK
|
| 999 |
|
|
|c 47075
|d 47075
|
| 952 |
|
|
|0 0
|1 0
|2 ddc
|4 0
|6 658_312500000000000_BAG
|7 0
|9 76837
|a SCL
|b SCL
|c GEN
|d 2024-10-29
|e Savar Campus Library
|g 185.00
|l 0
|o 658.3125 BAG
|p 3020043547
|r 2024-10-29
|t 1
|w 2024-10-29
|y BK
|x Price available in register. Savar Campus Library.
|